Ranks of Scouting America - Statistics

General Stats
  • This quiz has been taken 25 times
  • The average score is 12 of 25
Answer Stats
Hint Answer % Correct
Highest rank in Boy Scouts Eagle
94%
Sixth rank in Boy Scouts Life
89%
Rank for 3rd Graders Bear
83%
Rank for 2nd Graders Wolf
83%
Lowest rank in Cub Scouts Lion
78%
Fifth rank in Boy Scouts Star
78%
Second rank in Boy Scouts Tenderfoot
78%
Rank for 1 Graders Tiger
78%
Fourth rank in Boy Scouts First Class
72%
First rank in Boy Scouts Scout
72%
Third rank in Boy Scouts Second Class
72%
Highest rank in Cub Scouts Arrow of Light
61%
Rank for 4th Graders Webelos
56%
Rank for Kindergarteners Bobcat
50%
Middle rank in the OA Brotherhood
39%
Highest rank in the OA Vigil
33%
Entry level rank in the OA Ordeal
28%
Highest rank in Venturing Summit
22%
Third rank in Venturing Pathfinder
11%
Third rank in Sea Scouts Able
6%
Entry level rank in Sea Scouts Apprentice
6%
Second rank in Venturing Discovery
6%
Second rank in Sea Scouts Ordinary
6%
Highest rank in Sea Scouts Quartermaster
6%
Entry rank in Venturing Venturing
6%
No matching quizzes found
Score Distribution
Percent of People with Each Score
Percentile by Number Answered
Your Score History
You have not taken this quiz